[Event "URU-ch Semi Final 2020"]
[Site "Montevideo"]
[Date "2020.02.25"]
[Round "7.3"]
[White "Granara Barreto, Sebastian"]
[Black "Michailov, Matias"]
[Result "0-1"]
[WhiteElo "2132"]
[BlackElo "2262"]
[Annotator "TA"]
[PlyCount "72"]
[EventDate "2020.02.22"]
[EventType "swiss"]
[EventCountry "URU"]
[SourceTitle "playchess.com"]
[Source "ChessBase"]
[SourceQuality "1"]

{[%evp 19,72,-1,-5,0,16,1,31,18,29,-4,18,18,18,-13,-3,-65,-51,-64,-73,-68,-75,-76,-72,-211,-214,-205,-191,-297,-291,-268,-289,-213,-33,-228,-211,-529,-529,-499,-172,-231,-206,-212,-218,-1036,-994,-29947,-29943,-12850,-5577,-5214,-5206,-5214,-5210,-1629,-1939]} 1. c4 g6 2. g3 Bg7 3. Bg2 d6 4. Nc3 Nf6 5. e4 O-O 6. Nge2 c5 7. O-O Nc6 8. d3 a6 9. h3 Rb8 10. f4 Ne8 11. Be3 {A36: Symmetrical English vs ...g6: 4 Bg2 Bg7.} Nd4 12. Qd2 f5 13. Rae1 {[#] White is slightly better.} b5 $146 ({Predecessor:} 13... Nc7 14. Bf2 b5 15. b3 e6 16. Nxd4 cxd4 17. Ne2 e5 18. Kh2 fxe4 19. Bxe4 Bb7 20. Bxb7 Rxb7 21. fxe5 dxe5 {0-1 (32) Sasaeac,A (2067)-Gaponenko,I (2482) Baile Tusnad 2005}) 14. b3 Nc7 15. exf5 gxf5 16. Bf2 e6 17. cxb5 (17. Nxd4 $11 cxd4 18. Nb1) 17... axb5 $15 18. Nxd4 cxd4 19. Ne2 e5 20. Rc1 Bb7 21. g4 {[#]} (21. Bxb7 $17 {is a better defense.} Rxb7 22. a4) 21... Bxg2 $1 $19 22. Kxg2 Nd5 {...fxg4 is the strong threat.} 23. fxe5 (23. g5 $142) 23... dxe5 24. gxf5 Rxf5 25. Kh2 Qf6 $2 (25... Qd7 $19 {And now ...Rh5! would win.} 26. Bg3 Rbf8 27. Rxf5 Qxf5) 26. Ng3 $2 (26. Bh4 $1 $15 Qe6 27. Rxf5 Qxf5 28. Ng3) 26... Bh6 {[%mdl 64] Skewer} 27. Qe1 $2 (27. Qe2 {was the crucial defense.} Bf4 28. Qf3) 27... Bxc1 28. Nxf5 {Strongly threatening Bh4.} Qxf5 $2 (28... Bf4+ 29. Ng3 Kh8) 29. Qxc1 {[#]} (29. Be3 {keeps fighting.} Nf4 30. Qg3+ Qg6 31. Bxc1 Qxg3+ 32. Kxg3 Nxd3 33. Bg5) 29... Nf4 $1 $40 {[%mdl 640] Black goes for the king.} 30. Rg1+ {[#]} Kh8 $1 {[%csl Gf4][%cal Rf5h3][%mdl 512]} 31. Rg4 $2 (31. Qf1 Ra8 32. Bh4) 31... Nxd3 {[%mdl 64] Double Attack, Discovered Attack} 32. Qc7 Qxf2+ {[%mdl 64] Double Attack} 33. Kh1 Qe1+ {Black is clearly winning.} 34. Kh2 Qd2+ 35. Rg2 Qf4+ 36. Kh1 Qc1+ {Accuracy: White = 32%, Black = 70%.} 0-1

[Event "URU-ch Semi Final 2020"]
[Site "Montevideo"]
[Date "2020.02.25"]
[Round "7.4"]
[White "Carvalho, Guillermo"]
[Black "Avedisian, Alexander"]
[Result "1-0"]
[WhiteElo "2187"]
[BlackElo "1892"]
[Annotator "TA"]
[PlyCount "61"]
[EventDate "2020.02.22"]
[EventType "swiss"]
[EventCountry "URU"]
[SourceTitle "playchess.com"]
[Source "ChessBase"]
[SourceQuality "1"]

{[%evp 11,61,17,20,27,28,29,45,45,37,48,54,23,40,54,47,32,48,21,51,4,38,35,52,38,124,114,109,107,142,125,153,124,140,140,133,132,135,114,105,106,186,142,311,299,295,309,263,279,367,328,708,513]} 1. c4 g6 2. Nc3 Nf6 3. e4 d6 4. g3 Bg7 5. Bg2 O-O 6. Nge2 c5 7. O-O {A16: English Opening: 1...Nf6 with ...d5.} e5 8. d3 h6 9. h3 {White is slightly better.} Nc6 10. Be3 Be6 11. Nd5 {[#]} Bxd5 $146 ({Predecessor:} 11... Nd4 12. Nxd4 cxd4 13. Bd2 Nxd5 14. cxd5 Bd7 15. Qb3 a6 16. Bb4 Qb6 {1-0 (44) Castellano,A (1931)-Lucchi,L (1886) Ravenna 2005}) 12. cxd5 Nd4 13. Qd2 Kh7 14. Rab1 Nh5 15. Bxd4 exd4 16. b4 {Black must now prevent bxc5.} b6 $1 17. bxc5 dxc5 (17... bxc5 $14 18. Rb7 Rb8 19. Rxa7 Qb6) 18. f4 $16 Nf6 19. a4 {[%cal Ba2a4,Ba4a5][%mdl 32]} Qd7 20. Qa2 Rad8 21. Rfc1 Rfe8 22. a5 Rb8 23. e5 Ng8 24. axb6 axb6 25. Qa6 Ne7 (25... Qd8 $16) 26. Rxb6 {[%cal Bb1b6,Bb6d6,Bd6d7][%mdl 32]} Nxd5 $2 {Loses the game.} (26... Rxb6 $16 27. Qxb6 Nxd5 28. Qxc5 {[%mdl 64] Double Attack} Nc3 29. Nxc3 Rc8) 27. Rd6 $18 {[%mdl 64] [#] Double Attack} Nb4 28. Rxd7 Nxa6 29. Rxf7 Rb3 30. Be4 Rc8 $2 {[#]} (30... Rb6 31. Ra1 Kh8) 31. Nxd4 $1 {[%mdl 512] Accuracy: White = 78%, Black = 43%.} 1-0

[Event "URU-ch Semi Final 2020"]
[Site "Montevideo"]
[Date "2020.02.25"]
[Round "7.5"]
[White "Guerrero, Alvaro"]
[Black "Vazquez, Facundo"]
[Result "0-1"]
[WhiteElo "2094"]
[BlackElo "2155"]
[Annotator "TA"]
[PlyCount "86"]
[EventDate "2020.02.22"]
[EventType "swiss"]
[EventCountry "URU"]
[SourceTitle "playchess.com"]
[Source "ChessBase"]
[SourceQuality "1"]

{[%evp 13,86,0,0,0,0,-32,-27,-40,-38,-44,-43,-31,-28,-41,-55,-118,-22,-22,-16,-61,-57,-58,-56,-76,-49,-56,-59,-55,-54,-58,-56,-67,-65,-68,-76,-90,-8,-71,-86,-133,-134,-142,-118,-125,-129,-141,-93,-186,-191,-276,-271,-29982,-29983,-3400,-911,-1964,-908,-885,-6087,-6078,-6078,-5824,-5233,-5165,-4134,-2408,-2398,-2038,-2030,-2022,-2022,-1754,-1670,-1487,-1325]} 1. e4 e6 2. d3 d5 3. Qe2 Nf6 4. g3 c5 5. Bg2 Be7 6. Nf3 O-O 7. O-O Nc6 8. Re1 {C00: French: Unusual White 2nd moves.} b5 9. e5 Nd7 10. c3 {Black has an edge.} a5 11. h4 Ba6 12. Bf4 a4 13. Nbd2 {[#]} c4 $146 ({Predecessor:} 13... b4 14. c4 Nb6 15. b3 Ra7 16. Nf1 Rd7 17. N1h2 Bb7 18. Ng5 Nd4 19. Qh5 h6 20. Ng4 Nf5 21. cxd5 Bxd5 22. Ne4 Bxe4 23. Bxe4 g6 24. Nxh6+ Kh7 {0-1 (24) Breder,D (2455)-Potkin,V (2515) Germany 2004}) 14. b4 (14. d4 $15) 14... axb3 ({Black should play} 14... cxb3 $1 $17 15. axb3 b4) 15. axb3 $11 {[%cal Rd3c4]} b4 16. dxc4 {Black must now prevent Nd4.} bxc3 {[#]} 17. Rxa6 $1 {[%mdl 512]} Rxa6 18. cxd5 cxd2 19. Bxd2 Ncb8 20. d6 {[#]} Nxe5 $1 21. dxe7 (21. Qxe5 Qxd6) 21... Nxf3+ 22. Bxf3 Qxe7 23. Qc4 {White wants to play Bb4.} Qd7 $1 {[%cal Rd7d2]} 24. Bf4 {Bxb8 is the strong threat.} Rb6 (24... Rc8 $17 25. Qe4 Rb6) 25. Be3 (25. Rd1 $11 {keeps the balance.} Qb5 26. Qc7) 25... Rc8 $17 26. Qa4 {[#]} Rd6 $1 27. Qf4 Nc6 28. Bc5 Rd2 29. Kg2 e5 30. Qe4 (30. Qa4 $17) 30... Nd4 31. Bxd4 (31. Bg4 {was called for.} f5 {[%mdl 64] Double Attack} 32. Bxd4 Qxd4 33. Qxd4 exd4 34. Bxf5) 31... Qxd4 $19 ({And not} 31... exd4 32. Bg4 $16) 32. Qf5 $2 (32. Re3 $19) 32... Qxf2+ {[%mdl 64] Double Attack} 33. Kh3 Qh2+ {Black is clearly winning.} 34. Kg4 Re8 (34... Rc5 $142 35. Rxe5 Rd4+ 36. Kh5 Rxe5 37. Qxe5 {[#]} Rxh4+ $1 {[%mdl 512]} 38. gxh4 Qxe5+ 39. Kg4 h5+ 40. Kh3 Qf4) 35. Rxe5 Rd4+ 36. Be4 {[#]} h5+ $1 37. Kf3 (37. Qxh5 Rxe4+) 37... Qh1+ 38. Ke3 Qg1+ 39. Ke2 Qd1+ 40. Ke3 Qd2+ 41. Kf3 Qc3+ 42. Kf4 {[#]} Rxe4+ $1 {[%mdl 512]} 43. Rxe4 Qc1+ {Accuracy: White = 59%, Black = 78%.} 0-1

[Event "URU-ch Semi Final 2020"]
[Site "Montevideo"]
[Date "2020.02.25"]
[Round "7.6"]
[White "Dominguez, Facundo"]
[Black "Lopez Falcon, Jorge"]
[Result "1/2-1/2"]
[WhiteElo "2135"]
[BlackElo "2119"]
[Annotator "TA"]
[PlyCount "43"]
[EventDate "2020.02.22"]
[EventType "swiss"]
[EventCountry "URU"]
[SourceTitle "playchess.com"]
[Source "ChessBase"]
[SourceQuality "1"]

{[%evp 20,30,5,-16,33,11,48,52,58,58,40,28,54]} 1. e4 c5 2. Nf3 g6 3. d4 cxd4 4. Nxd4 Bg7 5. c4 Nc6 6. Nc2 d6 7. Be2 Nf6 8. Nc3 Nd7 9. O-O Nc5 10. f3 O-O 11. Be3 Be6 {B37: Sicilian: Maroczy Bind with 5...Bg7, sidelines.} (11... Bxc3 $5 12. bxc3 b6 $11) 12. Qd2 a5 13. Rab1 a4 14. Rfd1 Qa5 15. Na3 Rfc8 {[#] Black got outplayed after the opening} {Predecessor:} 16. Nab5 $146 h5 17. Qe1 Ne5 18. b4 axb3 19. axb3 Na6 20. Ra1 Qd8 21. Ra4 Nd7 22. Na7 {½-½ (51) Kedyk,D-Zavgorodniy,S (2370) Simferopol 2001} 1/2-1/2

[Event "URU-ch Semi Final 2020"]
[Site "Montevideo"]
[Date "2020.02.25"]
[Round "7.7"]
[White "Izquierdo, Daniel"]
[Black "Suarez, Pedro"]
[Result "1/2-1/2"]
[WhiteElo "2134"]
[BlackElo "2063"]
[Annotator "TA"]
[PlyCount "93"]
[EventDate "2020.02.22"]
[EventType "swiss"]
[EventCountry "URU"]
[SourceTitle "playchess.com"]
[Source "ChessBase"]
[SourceQuality "1"]

{[%evp 14,93,0,-2,-7,-14,-17,-12,-16,-36,-26,-25,-17,-69,-67,-68,-67,-66,-70,-82,-81,-77,-81,-85,-85,-102,-116,-162,-91,-107,-69,-119,-92,-97,-92,-128,-85,-72,-61,-97,-100,-85,-112,-167,0,-219,-232,-225,-220,-302,-316,-268,-212,-220,-226,-205,-210,-205,-184,-186,-164,-172,8,-25,-25,-91,-91,-91,-91,-91,-91,-91,-91,-91,-91,-91,-8,-91,-91,-150,-91,-303]} 1. d4 Nf6 2. Nf3 e6 3. e3 b6 4. Bd3 Bb7 5. O-O Be7 6. Nbd2 d5 7. Ne5 O-O 8. f4 Ne4 {D05: Colle System with ...e6.} 9. Nxe4 dxe4 10. Bc4 Bd5 {The position is equal.} 11. Qe2 f6 12. Ng4 c5 13. c3 (13. dxc5 $11 Bxc5 14. a3) 13... Bxc4 $15 14. Qxc4 Qd5 15. Qxd5 exd5 {[#]} 16. dxc5 $146 ({Predecessor:} 16. f5 Nc6 17. Bd2 b5 18. Be1 Bd6 19. Nf2 g6 20. Nh1 Rac8 21. g4 cxd4 22. cxd4 {½-½ (63) Stripunsky,A (2566)-Ivanov,A (2530) ICC INT 2012}) 16... bxc5 17. Rd1 Rd8 18. b3 Nc6 19. Bb2 a5 20. Rd2 Ra7 ({Better is} 20... a4 $19 21. Rb1 f5) 21. Rad1 $17 Rad7 22. Kf1 h5 23. Nf2 f5 24. Ke2 Bf6 25. Rc1 Kf7 26. Nd1 g5 27. Ba3 gxf4 28. Bxc5 (28. exf4 $17 Be7 29. Ne3) 28... Ne5 $2 (28... fxe3 $19 29. Bxe3 Be5) 29. Nf2 $2 (29. exf4 $11 Nd3 30. Rxd3 exd3+ 31. Kxd3) 29... f3+ $19 30. gxf3 Nxf3 (30... exf3+ 31. Kf1 $15) 31. Rdd1 Rc8 32. Bb6 Rxc3 ({Weaker is} 32... Nxh2 33. Bxa5 Ra8 34. b4 $17) 33. Bxa5 Rxc1 34. Rxc1 d4 ({But not} 34... Nxh2 35. Bb6 $17) 35. exd4 Nxd4+ 36. Kf1 e3 37. Nd3 Nxb3 $2 (37... e2+ $19 38. Kf2 Re7) 38. axb3 {[#] Ke2 is the strong threat.} Rxd3 {[%mdl 4096] Endgame KRB-KRB} 39. Rb1 (39. Rc7+ $11 Ke6 40. Rc6+ Kf7 41. Rc7+ Ke6 42. Rc6+ Kf7 43. Rc7+) 39... f4 {And now ...f3 would win.} 40. Ke2 Rd5 41. Be1 Ke6 42. b4 Kf5 {[#] ( -> ...Ke4)} 43. Kf3 Rb5 44. Rc1 Be7 (44... Be5 $17 45. h4 Ke6) 45. Rc4 (45. Ra1 $11 {remains equal.}) 45... Bd6 $17 46. Bc3 (46. Rc1 $142) 46... Rd5 (46... h4 $142 47. h3 Rb6) 47. Bd4 $2 {[%mdl 32768] Accuracy: White = 56%, Black = 71%. . An unexpected result.} (47. Rd4 $17 Ke6 48. h4) 1/2-1/2

[Event "URU-ch Semi Final 2020"]
[Site "Montevideo"]
[Date "2020.02.25"]
[Round "7.8"]
[White "Larrea, Manuel"]
[Black "Lanzilotta, Marcelo"]
[Result "1-0"]
[WhiteElo "2243"]
[BlackElo "2003"]
[Annotator "TA"]
[PlyCount "59"]
[EventDate "2020.02.22"]
[EventType "swiss"]
[EventCountry "URU"]
[SourceTitle "playchess.com"]
[Source "ChessBase"]
[SourceQuality "1"]

{[%evp 27,59,61,70,56,48,-4,0,-2,86,97,96,94,187,199,356,347,542,552,646,629,1451,1291,29979,29977,29992,29985,29985,29986,29986,29987,29987,29988,29988,29989]} 1. e4 c5 2. Nf3 d6 3. d4 cxd4 4. Nxd4 Nf6 5. Nc3 g6 6. Be3 Bg7 7. f3 O-O 8. Qd2 Nc6 9. Bc4 Bd7 10. h4 h5 11. O-O-O Ne5 12. Bb3 Rc8 13. Rdg1 Nc4 14. Bxc4 Rxc4 15. g4 $1 {B78: Sicilian Dragon: Yugoslav Attack, 9 Bc4 Bd7 10 0-0-0 Rc8.} b5 {[%cal Bb7b5,Bb5b4][%mdl 32] ...b4 is the strong threat.} 16. Nf5 ({White should try} 16. gxh5 $14 Nxh5 17. Ndxb5) 16... b4 $11 ({But not} 16... gxf5 17. gxf5 Kh7 18. Rg3 $15 (18. Qg2 $2 Rg8 $19)) 17. Ne2 {The position is equal.} Bxf5 (17... gxf5 $11 18. gxf5 Kh7) 18. gxf5 $16 Qa5 {[%mdl 64] [#] Double Attack} 19. Kb1 {[#]} Rfc8 $146 (19... Nxe4 $16 20. fxe4 Qe5) ({Predecessor:} 19... Nd7 20. Bh6 Ne5 21. Bxg7 Kxg7 22. Nd4 Qb6 23. f6+ {1-0 (23) Pham Guerrero,S (2194)-Martin Grillo,R (2188) Santa Coloma 2000}) 20. Nd4 $18 Qe5 $2 (20... Qc5) 21. fxg6 Nxe4 (21... Bh6 $142) 22. gxf7+ Kh8 23. fxe4 {And now Rg5 would win.} Rxc2 24. Qd1 R2c4 25. Qf3 {White mates.} Bf6 {[#]} 26. Rg5 $1 {[%mdl 64] Promotion} Bxg5 27. f8=Q+ Rxf8 28. Qxf8+ Kh7 29. Qf7+ {[%mdl 64] Double Attack} Kh8 30. Qxh5+ {Accuracy: White = 83%, Black = 32%.} 1-0

[Event "URU-ch Semi Final 2020"]
[Site "Montevideo"]
[Date "2020.02.25"]
[Round "7.9"]
[White "Muniz, Rafael"]
[Black "Izquierdo, Sebastian"]
[Result "1-0"]
[WhiteElo "2232"]
[BlackElo "1950"]
[Annotator "TA"]
[PlyCount "91"]
[EventDate "2020.02.22"]
[EventType "swiss"]
[EventCountry "URU"]
[SourceTitle "playchess.com"]
[Source "ChessBase"]
[SourceQuality "1"]

{[%evp 14,91,45,47,42,8,22,17,44,13,23,-12,6,0,5,10,18,10,29,0,0,0,0,-7,41,18,43,44,49,41,102,93,208,207,204,203,203,182,225,166,200,190,264,264,288,283,274,252,375,369,360,366,406,406,456,345,426,376,375,360,360,320,710,683,649,493,532,502,2471,2291,2474,2496,5457,5406,5397,5389,29988,29988,29988,29989]} 1. e4 d5 2. exd5 Nf6 3. Bb5+ Bd7 4. Be2 Nxd5 5. d4 Bf5 6. Nf3 e6 7. O-O Be7 8. c4 Nb6 {B01: Scandinavian Defence.} 9. a4 a5 10. Nc3 O-O {The position is equal.} 11. Bf4 Nc6 12. Qb3 Nb4 {[#] Hoping for ...Bc2.} 13. Rac1 $146 ({Predecessor:} 13. Nb5 Rc8 14. Rac1 c6 15. Na3 h6 16. Rfd1 Be4 17. Bd2 Qc7 18. Ne5 Nd7 19. Qe3 Bh7 20. Nxd7 Qxd7 {1-0 (44) Zivkovic,S (2251)-Jovanovic,N (2357) Valjevo 2010}) 13... c6 14. Rfd1 Re8 15. h3 h6 16. Ne5 Bg5 17. Bxg5 Qxg5 18. Bg4 Bh7 19. Na2 $36 {[%mdl 2048] White is more active.} Qe7 20. Bh5 Rf8 21. Nxb4 axb4 {White leaves nothing to chance now.} (21... Qxb4 $14 22. Qxb4 axb4) 22. Bf3 $16 c5 (22... f6 $16 {was worth a try.} 23. Ng4 Bg6) 23. dxc5 $18 Qxc5 24. Nd7 ({Weaker is} 24. Bxb7 Ra7 $11) 24... Nxd7 25. Rxd7 Ra7 26. Rcd1 ({Don't play} 26. Rxb7 $6 Rxb7 27. Bxb7 Rb8) 26... Bg6 27. Bxb7 Qa5 (27... Bf5 $142 28. Bc6 Rxd7 29. Bxd7 Ra8) 28. Bc6 Rxd7 29. Rxd7 Qc5 30. Bb5 Qg5 (30... Be4 {might work better.} 31. Qd1 Qg5) 31. Qe3 Qf6 32. Qd2 Be4 33. c5 ({Don't take} 33. f3 Bf5 $18) 33... Qg6 {[%csl Ge4][%cal Rg6g2]} 34. Bf1 Bc6 35. Rd8 Rxd8 36. Qxd8+ Kh7 37. a5 {[%cal Ba4a5,Ba5a6,Ba6a7][%mdl 32] Threatens to win with a6.} Qg5 $2 (37... Bd5 38. Qb8 Qe4) 38. Qd4 b3 39. Qe3 Qd5 40. Qd3+ f5 (40... Kg8 $142 41. Qxd5 exd5) 41. Qxd5 exd5 42. a6 Kg6 43. a7 Kf6 {[#]} 44. Bb5 $1 {[%mdl 512]} Ba8 (44... Bxb5 45. a8=Q) 45. c6 Ke7 46. c7 {Accuracy: White = 77%, Black = 40%.} 1-0

[Event "URU-ch Semi Final 2020"]
[Site "Montevideo"]
[Date "2020.02.25"]
[Round "7.10"]
[White "Palacio, Enzo"]
[Black "Dotta, Gian Franco"]
[Result "1/2-1/2"]
[WhiteElo "1869"]
[BlackElo "2000"]
[Annotator "TA"]
[PlyCount "83"]
[EventDate "2020.02.22"]
[EventType "swiss"]
[EventCountry "URU"]
[SourceTitle "playchess.com"]
[Source "ChessBase"]
[SourceQuality "1"]

{[%evp 20,83,58,56,58,48,56,46,56,23,31,45,142,91,123,120,165,172,169,156,154,170,183,170,169,0,0,0,0,0,38,37,275,279,289,267,265,237,232,230,214,184,173,108,229,192,377,174,169,174,168,114,199,147,146,146,145,145,145,125,108,0,0,0,0,0]} 1. e4 c5 2. Nf3 d6 3. d4 cxd4 4. Nxd4 Nf6 5. Nc3 a6 6. Be3 e5 7. Nb3 Be7 8. f3 Be6 9. Qd2 O-O 10. O-O-O a5 11. a4 Na6 {B90: Sicilian Najdorf: Unusual White 6th moves, 6 Be3 Ng4 and 6 Be3 e5.} 12. g4 Rc8 13. Kb1 Nb4 {White is slightly better.} 14. g5 Nh5 $1 15. Rg1 {[#]} Bc4 $146 ({Black should try} 15... f5 $14) ({Predecessor:} 15... f5 16. gxf6 Rxf6 17. Bg5 Rxf3 18. Bxe7 Qxe7 19. Qxd6 Qxd6 20. Rxd6 Nf4 21. Nxa5 Rf2 22. Nxb7 Rxc2 {1-0 (48) Inarkiev,E (2686)-Andriasian,Z (2602) Gjakova 2016}) 16. Bh3 (16. Bxc4 $142 Rxc4 17. Nc1) 16... Be6 17. Bg4 Bxg4 18. fxg4 (18. Rxg4 $6 f5 $16) 18... Nf4 19. Bxf4 exf4 20. h4 Rc4 21. Nd4 d5 22. exd5 $2 ({Stronger than} 22. Qxf4 Bc5 $11) ({White should play} 22. Nf5 $18 {[%cal Rc3d5]} Bc5 23. Rgf1) 22... Bc5 $1 $11 23. Nf5 $1 {Threatens to win with Rge1.} ({Don't go for} 23. Qxf4 $2 Qb6 $19) 23... Bxg1 24. Rxg1 Qb6 (24... g6 $5 {[%cal Rg6f5]} 25. Qe2 Qc7 26. Ne7+ Kg7 $11) 25. Rf1 {Qe2 is the strong threat.} Rd8 $2 ({Better is} 25... Qc5 $1 $14) 26. b3 $18 Rc7 {Black wants to play ...Qc5.} 27. d6 Rcd7 28. Qxf4 ({Don't play} 28. Rxf4 $6 Rxd6 29. Nxd6 Qxd6 $16) 28... Qc5 29. Ne7+ {[%mdl 64] [#] Discovered Attack} Rxe7 30. dxe7 Qxe7 31. Rd1 (31. Kb2 $18) 31... Rc8 (31... Rxd1+ $16 32. Nxd1 h6) 32. Qd4 g6 $2 (32... Nc6 {was necessary.} 33. Qf2 Qe6) 33. Nd5 (33. h5 $142) 33... Nxd5 34. Qxd5 {[%mdl 4096] Endgame KQR-KQR} Qe2 35. Rd2 (35. Rc1 $18) 35... Qxg4 (35... Qe1+ $16 {was called for.} 36. Kb2 Qxh4) 36. Qxa5 (36. Qxb7 $18 Qh3 37. Rf2) 36... Qxh4 $16 37. Rd8+ Rxd8 38. Qxd8+ Kg7 39. Qf6+ $1 Kg8 {[#]} 40. Kb2 (40. Qe5 $1 $16) 40... h5 $11 41. Qd8+ Kh7 42. Qf6 {Accuracy: White = 62%, Black = 51%.} 1/2-1/2

[Event "URU-ch Semi Final 2020"]
[Site "Montevideo"]
[Date "2020.02.25"]
[Round "7.11"]
[White "Soto, Nicolas"]
[Black "Davila Texeira, Mario"]
[Result "1-0"]
[WhiteElo "2002"]
[BlackElo "1819"]
[Annotator "TA"]
[PlyCount "83"]
[EventDate "2020.02.22"]
[EventType "swiss"]
[EventCountry "URU"]
[SourceTitle "playchess.com"]
[Source "ChessBase"]
[SourceQuality "1"]

{[%evp 14,83,26,23,58,33,42,28,34,14,70,56,75,75,90,70,84,66,93,83,93,-78,-77,-84,-82,-83,-62,-65,-67,-70,-52,-54,-52,-86,-94,-106,-98,-140,-44,-44,-15,-94,-95,-101,-87,-87,-72,-81,0,0,0,0,0,0,257,15,23,27,132,0,0,0,54,60,102,103,1302,1302,1201,1191,1183,1173]} 1. e4 c5 2. Nf3 Nc6 3. Bb5 g6 4. Bxc6 dxc6 5. h3 Bg7 6. d3 Nf6 7. O-O O-O 8. Re1 h6 {Recently 8...b6 got a lot of attention. B31: Sicilian: 2...Nc6 3 Bb5 g6.} 9. Nc3 b6 10. Be3 {[#]} Kh7 $146 {White has an edge.} ({Predecessor:} 10... Nd7 11. e5 g5 12. Qd2 f5 13. exf6 exf6 14. Qe2 Nb8 15. Rad1 Na6 16. Bc1 f5 {1-0 (35) Mainka,R (2515)-Gauglitz,G (2415) Germany 1993}) 11. Nd2 Be6 (11... e5 $11) 12. f4 $14 Qd7 13. Qf3 Rad8 14. Rad1 Qc8 15. Kh1 Rh8 16. Rg1 h5 17. Bf2 $2 {[#]} (17. Rge1 $16) 17... Bg4 $1 $17 {[%cal Rg4f3][%mdl 512]} 18. Qe3 (18. hxg4 $2 hxg4 19. Qg3 Kg8+ 20. Qh4 g3 $19) 18... Bxd1 19. Rxd1 Qe6 20. Nf3 Bh6 21. b3 Kg7 22. Rf1 Rhf8 23. Bh4 {[#]} Nd5 $1 {[%mdl 512]} 24. Nxd5 (24. exd5 Qxe3) 24... cxd5 25. e5 Rd7 ({Black should play} 25... Rde8 $17 26. c3 Rc8) 26. Bg5 $1 $15 {[%cal Rg5h6] Hoping for Bxh6+.} d4 27. Bxh6+ (27. Qe1 $11 {remains equal.}) 27... Kxh6 $17 28. Qd2 {Threatens to win with f5+.} Kg7 29. Ng5 Qd5 30. Re1 f6 (30... e6 $17) 31. exf6+ $11 Rxf6 (31... exf6 $5 32. Ne6+ $8 {[%mdl 64] Double Attack} Kg8 33. Nxf8 Kxf8 $11) 32. Re5 Qc6 33. Qe2 Qb7 $2 {[%mdl 8192] [#]} (33... Kh6 $11 {and Black is okay.}) 34. Kh2 $2 (34. f5 $1 $18 {[%mdl 512]}) 34... Kh6 35. g3 e6 (35... Qb8 $1 $11) 36. Ne4 (36. Nxe6 $16 {And now g4 would win.} Qb8 37. Ng5) 36... Rf8 37. Ng5 Re7 (37... Rf6 $1 $11) 38. Nxe6 $14 Rfe8 {[#]} 39. f5 $1 $36 {[%cal Rf5g6][%mdl 2048] Black must now prevent fxg6. White has strong initiative.} gxf5 $2 {[%mdl 8192]} (39... Kh7 $16 40. Re4 Kg8) 40. Rxf5 $18 {[%csl Gf5][%cal Re2h5] White is clearly winning.} Rxe6 41. Qxh5+ Kg7 42. Rg5+ {Accuracy: White = 71%, Black = 54%.} 1-0